000 00330nam a2200121 a 4500
001 000046054
005 20201002052616.0
008 150615s2004 000 spa d
040 _aDO-SdBNP
_bspa
_cBNPHU
245 0 _aDominican@s presentes :. :
_bguía práctica.
260 _a[s.l.],
_c[s.f.].
300 _a146 p. :
_bil. ;
_c14 cm.
999 _c45543
_d45543